| 000 | 01019nam a2200241Ia 4500 | ||
|---|---|---|---|
| 008 | 100315s9999 xx 000 0 und d | ||
| 040 | _cENGLISH | ||
| 082 |
_b9022 _a658.8 |
||
| 100 | _a"Sherlekar, S.A. " | ||
| 245 | _aMarketing Management : Integrated Managerial Approach Under Current Market Driven and Competitive Global Marketing | ||
| 250 | _a20th ed. | ||
| 260 |
_aBOMBAY _bHIMALAYA _c1996 |
||
| 300 | _a555 | ||
| 365 |
_eRupees _d1 _b115.00 |
||
| 366 | _f0 | ||
| 505 | _gVaibhav Gaikwad | ||
| 530 | _bDonated By RBI Library | ||
| 620 | _a"Global Marketing, Marketing Management, Marketing, RBI Book, Buyer Behaviour, Product Plan, Sales Management, Advertising " | ||
| 630 | _aMarketing Management : Integrated Managerial Approach Under Current Market Driven and Competitive Global Marketing | ||
| 650 | _aMarketing | ||
| 730 | _aMarketing Management : Integrated Managerial Approach Under Current Market Driven and Competitive Global Marketing | ||
| 942 | _cBOOK | ||
| 999 |
_c483757 _d483754 |
||